LEADER 01757oam 2200421M 450 001 9910715997603321 005 20191123062439.7 035 $a(CKB)5470000002516114 035 $a(OCoLC)1062822638 035 $a(OCoLC)995470000002516114 035 $a(EXLCZ)995470000002516114 100 $a20070221d1864 ua 0 101 0 $aeng 135 $aurcn||||||||| 181 $ctxt$2rdacontent 182 $cc$2rdamedia 183 $acr$2rdacarrier 200 10$aAgricultural report. Communication from the Commissioner of Agriculture, in relation to binding agricultural report for the year 1862. January 29, 1864. -- Referred to the Committee on Agriculture and ordered to be printed 210 1$a[Washington, D.C.] :$c[U.S. Government Printing Office],$d1864. 215 $a1 online resource (1 page) 225 1 $aMis. doc. / 38th Congress, 1st session. House ;$vno. 24 225 1 $a[United States congressional serial set ] ;$v[serial no. 1199] 300 $aBatch processed record: Metadata reviewed, not verified. Some fields updated by batch processes. 300 $aFDLP item number not assigned. 606 $aBookbinding 606 $aGovernment publications 608 $aLegislative materials.$2lcgft 615 0$aBookbinding. 615 0$aGovernment publications. 712 02$aUnited States.$bDepartment of Agriculture. 801 0$bWYU 801 1$bWYU 801 2$bOCLCO 801 2$bOCLCQ 906 $aBOOK 912 $a9910715997603321 996 $aAgricultural report. Communication from the Commissioner of Agriculture, in relation to binding agricultural report for the year 1862. January 29, 1864. -- Referred to the Committee on Agriculture and ordered to be printed$93314578 997 $aUNINA